Inovačná aktivita malých a stredných podnikov v Slovenskej republike bakalárska práca

Enregistré dans:
Détails bibliographiques
Auteur principal: Naďová, Nikola
Collectivité auteur: Podnikovohospodárska fakulta EU so sídlom v Košiciach. Katedra ekonómie
Autres auteurs: Bruothová, Michaela, 1979-
Format: Livre
Langue:slovaque
Publié: Košice 2019
Tags: Ajouter un tag
Pas de tags, Soyez le premier à ajouter un tag!

MARC

LEADER 00000nbm a2200000 4500
001 0256380
005 20240827092420.1
041 0 |a slo 
044 |a SK 
245 1 0 |a Inovačná aktivita malých a stredných podnikov v Slovenskej republike  |b bakalárska práca  |c Nikola Naďová ; školiteľ: Michaela Bruothová 
264 1 |a Košice  |c 2019 
300 |a 65 s. 
100 1 |a Naďová, Nikola 
700 1 |a Bruothová, Michaela, 1979- 
710 2 |a Podnikovohospodárska fakulta EU so sídlom v Košiciach. Katedra ekonómie